| 000 | 00558nam a22001817a 4500 | ||
|---|---|---|---|
| 008 | 151119b xxu||||| |||| 00| 0 eng d | ||
| 020 | _a9781890871888 (alk. paper) | ||
| 020 | _a1890871885 (alk. paper) | ||
| 041 | 0 | _aeng | |
| 080 | _a070.4 | ||
| 100 | 1 | _aFoust, James C. | |
| 245 | 1 | 0 |
_aOnline journalism : _cJames C. Foust. |
| 250 | _a2nd ed. | ||
| 260 |
_aScottsdale, Ariz. : _bHolcomb Hathaway, _cc2009. |
||
| 300 |
_axvi, 272 f. : _bme ill. ; _c24 cm. |
||
| 650 | 0 | _aGazetaria online | |
| 942 |
_2udc _cBK |
||
| 999 |
_c1366 _d1366 |
||